Renewable Energy Policy and Politics : (Record no. 611829)

MARC details
000 -LEADER
fixed length control field 00510nam a2200193 a 4500
008 - FIXED-LENGTH DATA ELEMENTS--GENERAL INFORMATION
fixed length control field 260211s2006##################000#0#eng##
020 ## - INTERNATIONAL STANDARD BOOK NUMBER
ISBN 9781844071265
082 04 - DEWEY DECIMAL CLASSIFICATION NUMBER
Classification number 333.794
Item number MAL
100 1# - MAIN ENTRY--AUTHOR NAME
Personal name Mallon, Karl,
245 10 - TITLE STATEMENT
Title Renewable Energy Policy and Politics :
260 ## - PUBLICATION, DISTRIBUTION, ETC. (IMPRINT)
Name of publisher Earthscan,
Year of publication 2006.
300 ## - PHYSICAL DESCRIPTION
Number of Pages 289 pages
650 #0 - SUBJECT ADDED ENTRY--TOPICAL TERM
Topical Term Business & Economics.
942 ## - ADDED ENTRY ELEMENTS (KOHA)
Koha item type English Books
Holdings
Withdrawn status Lost status Damaged status Not for loan Home library Current library Shelving location Date acquired Full call number Accession Number Price effective from Koha item type
        Anna Centenary Library Anna Centenary Library 4TH FLOOR, A WING 11.02.2026 333.794 MAL 332295 11.02.2026 English Books

Find us on the map